The Other tongue : English across cultures /

Bibliographic Details
Other Authors: Kachru, Braj B.
Format: Book
Language:English
Published: Urbana : University of Illinois Press, [1982]
Subjects:

MARC

Tag First Indicator Second Indicator Subfields
LEADER 00000pam a2200000 a 4500
001 in00000069830
005 20151008055855.0
008 810904s1982 ilu b s00100 eng
010 |a  81014798  
020 |a 0252008960 
035 |a (OCoLC)07795352 
035 |9 AAJ4607AM 
039 0 |a 2  |b 3  |c 3  |d 3  |e 3 
040 |a DLC  |c DLC  |d TXA  |d UtOrBLW 
049 |a TXAM  |c [387820] 
050 0 0 |a PE1128.A2  |b O86 
082 0 |a 428.2/4/07  |2 19 
245 0 4 |a The Other tongue :  |b English across cultures /  |c edited by Braj B. Kachru. 
264 1 |a Urbana :  |b University of Illinois Press,  |c [1982] 
264 4 |c ©1982 
300 |a xv, 358 pages ;  |c 24 cm. 
336 |a text  |b txt  |2 rdacontent 
337 |a unmediated  |b n  |2 rdamedia 
338 |a volume  |b nc  |2 rdacarrier 
500 |a "Published in conjunction with the Office of International Programs and Studies." 
504 |a Includes bibliographies and index. 
650 0 |a English language  |x Study and teaching  |x Foreign speakers. 
650 0 |a English language  |x Variation. 
650 0 |a Biculturalism. 
700 1 |a Kachru, Braj B. 
999 |a MARS 
999 f f |s 78026c39-3ee2-32d9-89f3-8f5d3efc1a59  |i 5e4a7e0d-4919-3303-8dbd-591d0c9d06ae  |t 0 
952 f f |p normal  |a Texas A&M University  |b College Station  |c Sterling C. Evans Library  |d Evans: Library Stacks  |t 0  |e PE1128.A2 O86  |h Library of Congress classification  |i unmediated -- volume  |m A14806174642 
998 f f |a PE1128.A2 O86  |t 0  |l Evans: Library Stacks